000 00709nam a2200217 a 4500
001 000012661
005 20250522115618.0
008 091116s2001 dr 000 f spa d
020 _a9993401811
040 _aDO-SdBNP
_bspa
_cBNPHU
082 _aRD863.44
_bP438s
100 1 _aPérez, Mario Emilio,
_d1935-
_922183
245 1 3 _aEl subsecretario :
_b(novela) /
_cMario Emilio Pérez.
260 _aSanto Domingo :
_bSoto Castillo,
_c2001.
300 _a212 p. ;
_c22 cm.
500 _aIncluye datos biográficos del autor en la contracubierta.
590 _aInventariado, 2020/MFF
650 0 _aNovela dominicana
_9223
650 0 _aLiteratura dominicana.
_967
910 _aValidado. Control de calidad MFF
999 _c12312
_d12312